Passatempos [de] ciências naturais, 7º ano (Registo nº 986)
[ vista simples ]
| 000 -Etiqueta do registo | |
|---|---|
| Cabeçalho | 00881nam a2200325 i 4500 |
| 005 - Identificador da versão | |
| Campo de controlo | 20240813121820.0 |
| 010 ## - Número internacional normalizado dos livros (ISBN) | |
| Número (ISBN) | 9720315857 |
| 021 ## - Número do Depósito Legal | |
| Código do país | PT |
| Número | 237397/06 |
| 035 ## - Other System Control Numbers | |
| System Control Number | 0001051 |
| System Control Number | 0001034 |
| 100 ## - Dados gerais de processamento | |
| Dados gerais de processamento | 20080204d2006 e y0pory5003 ba |
| 102 ## - Pais de publicação ou produção | |
| País de publicação | Portugal |
| 101 0# - Língua de publicação | |
| Língua do texto, banda sonora, etc. | Português |
| 106 ## - Campo de dados codificados: material textual | |
| Dados codificados do material textual | r |
| 105 ## - Campo de dados codificados: livros | |
| Dados codificados dos livros | a j 000yy |
| 215 ## - Descrição física | |
| Indicação específica da natureza do documento e extensão da espécie | 64 p. |
| Outras indicações físicas | il. |
| Dimensões | 20 cm |
| 200 1# - Titulo e menção de responsabilidade | |
| Título próprio | Passatempos [de] ciências naturais, 7º ano |
| Primeira menção de responsabilidade | Sandra Ribeiro, Elisa Ferreira |
| 225 2# - Colecção | |
| Título próprio da colecção | Passatempos |
| 205 ## - Menção da edição | |
| Menção da edição | [1ª ed.] |
| 210 ## - Publicação, Distribuição, etc. | |
| Lugar da edição, distribuição, etc. | Porto |
| Nome do editor, distribuidor, etc. | Porto Editora |
| Data da publicação, distribuição, etc. | imp. 2006 |
| 606 ## - Nome comum usado como assunto | |
| Número de registo de entrada de autoridade | 0001327 |
| Palavra de ordem | Ciências da natureza |
| Subdivisão de assunto | Jogos educativos |
| Código do sistema | SIPOR |
| 675 ## - Classificação Decimal Universal (CDU) | |
| Notação | 55(075.2) |
| Edição | BN |
| Língua da edição | por |
| Notação | 371.69(469) |
| Edição | BN |
| Língua da edição | por |
| Notação | 373.34(469) |
| Edição | BN |
| Língua da edição | por |
| 700 #1 - Nome de autor-pessoa física (responsabilidade principal) | |
| Número de registo de entrada de autoridade | 0001329 |
| Palavra de ordem | Ribeiro |
| Outra parte do nome não tomada para palavra de ordem | Sandra |
| 942 ## - Elementos de entrada adicionados (Koha) | |
| Tipo de item no Koha | Livro |
| Situação do levantamento | Origin of item (home branch) (coded) | Biblioteca de empréstimo | Código de barras | Cota | Circulation type (not for loan) | Tipo de documento | Nota do exemplar | Damaged status |
|---|---|---|---|---|---|---|---|---|
| Biblioteca Escolar Eng. Nuno Mergulhão | Biblioteca Escolar Eng. Nuno Mergulhão | BENM1737 | 55 | Livro | Sem mensagem |
